| 000 | 00470nam a2200145Ia 4500 | ||
|---|---|---|---|
| 008 | 210430s9999 xx 000 0 und d | ||
| 020 | _a978-81-203-4399-3 | ||
| 082 | _a660.2812 A5321A | ||
| 100 |
_aRichard Turton, Richard C. Bailie, Wallace B. Whiting, Joseph A. Shaeiwitz. _9127210 |
||
| 245 |
_aAnalysis Synthesis and Design of Chemical Processes / _cRichard Turton |
||
| 250 | _a3rd edition | ||
| 260 |
_aIndia _bPHI _c2011 |
||
| 300 | _a1068 P | ||
| 942 |
_cBK _2ddc |
||
| 999 |
_c564926 _d564926 |
||